000 01112nam a22002537a 4500
001 22133
005 20260331114224.0
008 260325b |||||||| |||| 00| 0 spa d
020 _a9781009273015
082 _a421.071
_bC24F
100 _a,
110 _aCambridge University Press & Assessment
245 _aB2 first for schools 5 :
_bwith answers: authentic practice tests
250 _aPrimera edición
260 _aCambridge :
_bCambridge University Press & Assessment,
_c2023
300 _a175 páginas :
_bilustraciones ;
_c25 cm.
440 _a ;
650 _aLEN
653 _aSistema de escritura inglés y fonología
654 _aCTP
700 _a;
856 _uhttps://0u20fudzn-y-https-research-ebsco-com.itmsp.museknowledge.com/c/qxo6us/search/results?q=B2+first+for+schools+&autocorrect=y&db=nlebk%2Ce000sww%2Ce000xww%2Ce020mww%2Ce230xww%2Ce250xww%2Ce095mww&expanders=concept&limiters=None&searchMode=boolean&searchSegment=all-results&skipResultsFetch=true&sqId=sq%3A23ee2f3f-fd04-4237-8ded-b4a851ddc52f
_zVéase además: Base de datos EBSCOhost
942 _cLIB
_dJUS
_fMIP
_n0
_2ddc
999 _c22133
_d22133